000 00306nam a22001337a 4500
008 171101b xxu||||| |||| 00| 0 eng d
020 _a9780881322644
041 _aeng
080 _a339
100 _a59
101 _aTRE
245 _aIS THE U.S. TRADE DEFICIT SUSTAINABLE?
_cMANN,C.L
942 _2udc
_cBK
999 _c37082
_d37082